000 00607nam a2200181Ia 4500
005 20260429112235.0
008 260429s9999||||xx |||||||||||||| ||und||
020 _a9788196726294
041 _aHindi
082 _a294.663
_bSAN
100 _aसांकृत्यायन, राहुल
245 0 _aबौद्ध दर्शन /
_cराहुल सांकृत्यायन
250 _a1st ed.
260 _aनई दिल्ली :
_bप्रकाशन संस्थान,
_c2024.
300 _a159 p.; Hb
650 _aवैदिक परंपरा
942 _cTB
999 _c53066
_d53066